Public speaking for success
| Main Author: | |
|---|---|
| Format: | Book |
| Published: |
India :
Manjul Publishing Pvt Ltd ,
2007
|
| Subjects: |
MARC
| LEADER | 00000cam a2200000 7i4500 | ||
|---|---|---|---|
| 001 | 0000037820 | ||
| 005 | 20131018.0 | ||
| 008 | 131018 | ||
| 020 | |a 8183220665 | ||
| 090 | 0 | 0 | |a 808.51 |b CAR |
| 100 | 1 | |a Carnegie, Dale | |
| 245 | 1 | 0 | |a Public speaking for success |c Dale Carnegie |
| 260 | |a India : |b Manjul Publishing Pvt Ltd , |c 2007 | ||
| 650 | 0 | |a Business presentation | |
| 650 | 0 | |a Public speaking | |
| 999 | |a 0001244020 |b Book |c Adult Collection |e Perbadanan Perpustakaan Awam Johor | ||